000 00719nam a2200229 a 4500
999 _c10158
_d10158
001 10158
003 BD-JhCC
005 20180418191558.0
008 180418s1978 ii |||| |||| 000 0 ben d
035 _a(BD-JhCC)10158
040 _aBD-JhCC
_dBD-JhCC
041 _aben
082 _a784
_bTAG 1978
100 _aঠাকুর, রবীন্দ্রনাথ
245 _aকালমৃগয়া /
_cরবীন্দ্রনাথ ঠাকুর,
260 _aকলকাতা :
_bবিশ্বভারতী গ্রন্থনবিভাগ,
_c1978.
300 _a81 P. :
_c24 cm.
490 _aস্বরবিতান ২৯
650 _aMusic
942 _2ddc
_cBK